000 00370nam a2200121Ia 4500
008 151001s9999||||xx |||||||||||||| ||und||
100 _aमधुसूदन कालेलकर
245 _aहा स्वर्गसात पावलांचा
250 _a-
260 _b-
300 _a122
365 _b7
999 _c955016
_d955013